[Event "Guillermo Garcia Memorial op 27th"]
[Site "Santa Clara"]
[Date "2018.05.25"]
[Round "4"]
[White "Rodriguez, Octavio"]
[Black "Caballero Quijano, Mitzy Mishell"]
[Result "1/2-1/2"]
[WhiteElo "1900"]
[BlackElo "2073"]
[PlyCount "97"]
[EventDate "2018.05.22"]
[EventType "swiss"]
[EventRounds "9"]
[EventCountry "CUB"]
[SourceTitle "CBM 184 Extra"]
[Source "ChessBase"]
[SourceDate "2018.06.28"]
[SourceVersion "1"]
[SourceVersionDate "2018.06.28"]
[SourceQuality "1"]

1. e4 e6 2. c4 d5 3. exd5 exd5 4. cxd5 Nf6 5. Nc3 Nxd5 6. Bc4 Nb6 7. Bb3 Nc6 8. Nge2 Be7 9. d4 Bf6 10. 0-0 0-0 11. Be3 Ne7 12. Nf4 c6 13. Qf3 Bf5 14. Rad1 Qd7 15. h3 Ng6 16. d5 Nxf4 17. Bxf4 c5 18. Ne4 Bxe4 19. Qxe4 Bxb2 20. Rd2 Bd4 21. Rxd4 cxd4 22. Qxd4 Rad8 23. Rd1 Qb5 24. Rd3 Kh8 25. a4 Qa5 26. Bc7 Rd7 27. d6 Qe1+ 28. Kh2 Nc8 29. Rg3 f6 30. Re3 Qc1 31. Rc3 Qe1 32. Re3 Qc1 33. Qe4 Nxd6 34. Bxd6 Rxd6 35. Qe7 Rdd8 36. Rg3 Qh6 37. Qxb7 a5 38. Qc7 f5 39. Qxa5 f4 40. Rf3 Qd6 41. Qc3 Rc8 42. Qd3 Qe5 43. Qd5 Qe1 44. Qd6 Qe4 45. a5 Rf6 46. Qd7 Qc6 47. Qd4 Qc5 48. Qd7 Qc6 49. Qd4 1/2-1/2

[Event "Guillermo Garcia Memorial op 26th"]
[Site "Santa Clara"]
[Date "2017.05.25"]
[Round "9"]
[White "Gutierrez Espinosa, Karen"]
[Black "Rodriguez, Octavio"]
[Result "1-0"]
[WhiteElo "2100"]
[BlackElo "1976"]
[PlyCount "81"]
[EventDate "2017.05.16"]
[EventType "swiss"]
[EventRounds "9"]
[EventCountry "CUB"]
[SourceTitle "CBM 178 Extra"]
[Source "ChessBase"]
[SourceDate "2017.06.22"]
[SourceVersion "1"]
[SourceVersionDate "2017.06.22"]
[SourceQuality "1"]

1. e4 c5 2. Nf3 g6 3. d4 cxd4 4. Nxd4 Nc6 5. Nc3 Bg7 6. Be3 Nf6 7. Bc4 d6 8. f3 Bd7 9. Bb3 Rb8 10. Qd2 h5 11. 0-0-0 Ne5 12. h3 b5 13. Qe2 a6 14. f4 Nc4 15. Bxc4 bxc4 16. Qxc4 Qb6 17. Qb3 Qc7 18. Qa3 0-0 19. Rhf1 Rfc8 20. e5 Ne4 21. Nxe4 dxe5 22. fxe5 Bb5 23. Rf2 Qxe5 24. Nd2 e6 25. N2f3 Qg3 26. Rfd2 Bc4 27. Nb3 Bf8 28. Bc5 Bh6 29. Bd6 Qxg2 30. Ne1 Qxh3 31. Bxb8 Rxb8 32. Qd6 Ra8 33. Kb1 Bxd2 34. Qxd2 Bd5 35. Nd3 Qf5 36. Nbc5 h4 37. Nd7 h3 38. Qh6 Rd8 39. N3e5 f6 40. Nxg6 Rxd7 41. Qh8+ 1-0

[Event "Guillermo Garcia Memorial op 26th"]
[Site "Santa Clara"]
[Date "2017.05.17"]
[Round "2"]
[White "Rodriguez, Octavio"]
[Black "Chaviano Espina, Miguel Orlando"]
[Result "1/2-1/2"]
[WhiteElo "1976"]
[BlackElo "2195"]
[PlyCount "45"]
[EventDate "2017.05.16"]
[EventType "swiss"]
[EventRounds "9"]
[EventCountry "CUB"]
[SourceTitle "CBM 178 Extra"]
[Source "ChessBase"]
[SourceDate "2017.06.22"]
[SourceVersion "1"]
[SourceVersionDate "2017.06.22"]
[SourceQuality "1"]

1. Nc3 d5 2. e4 dxe4 3. Nxe4 g6 4. Bc4 Bg7 5. Qf3 Nf6 6. Nxf6+ Bxf6 7. c3 c5 8. Ne2 Nc6 9. d4 cxd4 10. Bh6 a6 11. cxd4 Qa5+ 12. Kf1 Qh5 13. Qxh5 gxh5 14. Rd1 Bf5 15. f3 Rc8 16. Be3 Na5 17. Bd3 Bxd3 18. Rxd3 Nc4 19. Kf2 Nxe3 20. Kxe3 Kd7 21. Rc3 Rxc3+ 22. bxc3 Rg8 23. g3 1/2-1/2

[Event "Guillermo Garcia Memorial op 26th"]
[Site "Santa Clara"]
[Date "2017.05.16"]
[Round "1"]
[White "Carrazana Vazquez, Pedro Ernesto"]
[Black "Rodriguez, Octavio"]
[Result "1-0"]
[WhiteElo "2257"]
[BlackElo "1976"]
[PlyCount "85"]
[EventDate "2017.05.16"]
[EventType "swiss"]
[EventRounds "9"]
[EventCountry "CUB"]
[SourceTitle "CBM 178 Extra"]
[Source "ChessBase"]
[SourceDate "2017.06.22"]
[SourceVersion "1"]
[SourceVersionDate "2017.06.22"]
[SourceQuality "1"]

1. d4 e6 2. Nf3 Nf6 3. Bg5 d5 4. c4 c6 5. Nbd2 Be7 6. Qc2 Nbd7 7. e3 a6 8. Bd3 b5 9. c5 h6 10. Bh4 Bb7 11. h3 Nh5 12. Bxe7 Qxe7 13. a4 Nhf6 14. Qc3 0-0 15. b4 Rfe8 16. Ne5 Nxe5 17. dxe5 Nd7 18. axb5 cxb5 19. 0-0 Nb8 20. Nb3 Qg5 21. f4 Qg3 22. Nd4 Nc6 23. Nxc6 Bxc6 24. Qd4 Ra7 25. Ra5 f5 26. Rf3 Qh4 27. Kh2 h5 28. Rg3 Qe7 29. Rg5 h4 30. Be2 Rea8 31. Bf3 Be8 32. Qd2 Rd8 33. Qf2 Rad7 34. Rxa6 d4 35. Rd6 dxe3 36. Qxe3 Ra7 37. Qd4 Rc8 38. Rxe6 Qc7 39. Bd5 Kf8 40. Rxf5+ Bf7 41. Rc6 Qd8 42. Rxc8 Qxc8 43. e6 1-0